Quiz o Mistrzostwach Europy w piłce nożnej - Statystyki

Ogólne statystyki
  • Ten quiz został rozwiązany 277 razy
  • Średni wynik to 8 z 15
Statystyki odpowiedzi
Zagadnienie Odpowiedź % Poprawnych
Na Euro 1980 liczbę drużyn zwiększono z 4 do ... 8
75%
Jak Antonin Panenka pokonał w finale w 1976 bramkarza RFN w decydującym rzucie karnym ? Delikatną podcinką
75%
Kto strzelił gola w finale Euro 2016 Eder
75%
Drużyna która najwięcej razy wygrała Euro to? Hiszpania
75%
Jak Włochy awansowały do finału Euro 1968 (Wygrali z ZSRR) Przez rzut monetą
75%
Z kim Portugalia w 2004 zmierzyła się w meczu otwarcia oraz finale? Z Grecją
75%
W 2000 roku Euro po raz pierwszy w historii organizował więcej niż jeden kraj. Kto je organizował ? Belgia i Holandia
50%
Kto był gospodarzem pierwszego Euro? (1960) Francja
50%
Kogo na 11 dni przed Euro 1992 zastąpiła Dania? Jugosławię
50%
W jakim mieście był rozgrywany finał Euro 2012 ? Kijów
50%
Kto zdobył w 2008 roku jedynego gola dla Polski na turnieju Roger Guerreiro
50%
W ilu miastach odbędzie się Euro 2020 ? 11
25%
Ile goli w całym Euro 1984 strzelił Michel Platini ? 9
25%
Kto dla Holandii zdobył w finale fenomenalnego gola z woleja w 1988 ? Marco van Basten
25%
Kto w finale z Czechami w 1996 strzelił w dogrywce tzw. "złotego gola" dającego zwycięstwo Niemcom ? Oliver Bierhoff
25%
Nie znaleziono quizów pasujących do podanych kryteriów
Rozkład punktacji
Procent ludzi z każdym wynikiem
Percentyl według liczby udzielonych odpowiedzi
Twoja historia wyników
Nie rozwiązałeś tego quizu